000 00834nam a2200217Ii 4500
003 JO-AjNU
008 230605s9999||||xx |||||||||||||| ||und||
017 _a5274/1976
020 _a977-201-183-2
040 _aJO-AjNU
_bara
_erda
_cJO-AjNU
041 _aara
050 1 4 _aNK610.H3 1976
100 3 _aسليمان، حسن تأليف,
_eauthor
_938174
245 0 0 _aكتابات في الفن الشعبي:محاولة لفهم جذور الفن الشعبي بمنطقة الشرق الأوسط
264 3 1 _aمصر:الهيئة المصرية العامة للكتاب,1976
300 _a152ص
_bصور توضيحية
336 _atext
_btxt
_2rdacontent
337 _aunmediated
_bn
_2rdamedia
338 _avolume
_bnc
_2rdacarrier
650 4 _aالفن-الفن الشعبي-كتابات في الفن الشعبي
_938175
999 _aA16016
_c19584
_d19584